000 00910nam a22002657a 4500
999 _c14460
_d14460
003 MIRAKIL
005 20210803114909.0
008 210803b tu ||||| |||| 00| 0 tur d
020 _a9751710995 (tk.)
020 _a9751711002 (c.1)
020 _a9751711010 (c.2)
040 _aTR-AnCHP
_btur
_cTR-AnCHP
082 _a327.1
_bA72 1992
245 _aAtatürk'ün milli dış politikası:
_b(Milli mücadele dönemine ait 100 belge 1919-1923)/
246 _aMilli mücadele dönemine ait 100 belge 1919-1923
260 _aAnkara:
_bKültür Bakanlığı,
_c1992.
300 _a2 c.:
_c23 sm.
490 _aAtatürk dizisi;
_v34.
490 _aKültür Bakanlığı yayınları;
_v392.
600 _aAtatürk, Mustafa Kemal
_d1881-1938
_xDış politika
650 _aKurtuluş Savaşı
_xDış politika
_x1919-1923
650 _aTürkiye
_vDış politika
_v1919-1923
942 _2ddc
_cBKS
999 _d14460